<?xml version="1.0" encoding="UTF-8"?>
<record
    xmlns:xsi="http://www.w3.org/2001/XMLSchema-instance"
    xsi:schemaLocation="http://www.loc.gov/MARC21/slim http://www.loc.gov/standards/marcxml/schema/MARC21slim.xsd"
    xmlns="http://www.loc.gov/MARC21/slim">

  <leader>05086nam a2200433 a 4500</leader>
  <controlfield tag="001">000012900</controlfield>
  <controlfield tag="005">20240306073902.0</controlfield>
  <controlfield tag="008">091117s2004    dr ac         000 0 spa d</controlfield>
  <datafield tag="020" ind1=" " ind2=" ">
    <subfield code="a">9993498246 (v. 1)</subfield>
  </datafield>
  <datafield tag="020" ind1=" " ind2=" ">
    <subfield code="a">9993498254 (v. 2)</subfield>
  </datafield>
  <datafield tag="020" ind1=" " ind2=" ">
    <subfield code="a">9993498262 (v. 3)</subfield>
  </datafield>
  <datafield tag="020" ind1=" " ind2=" ">
    <subfield code="a">9993498270 (v. 4)</subfield>
  </datafield>
  <datafield tag="020" ind1=" " ind2=" ">
    <subfield code="a">9993486183 (v. 5)</subfield>
  </datafield>
  <datafield tag="020" ind1=" " ind2=" ">
    <subfield code="a">9993486191 (v. 6)</subfield>
  </datafield>
  <datafield tag="020" ind1=" " ind2=" ">
    <subfield code="a">8482616773 (v. 7)</subfield>
  </datafield>
  <datafield tag="020" ind1=" " ind2=" ">
    <subfield code="a">8482616781 (v. 8)</subfield>
  </datafield>
  <datafield tag="040" ind1=" " ind2=" ">
    <subfield code="a">DO-SdBNP</subfield>
    <subfield code="b">spa</subfield>
    <subfield code="c">BNPHU</subfield>
  </datafield>
  <datafield tag="082" ind1=" " ind2=" ">
    <subfield code="a">xxxx</subfield>
    <subfield code="b">E77</subfield>
  </datafield>
  <datafield tag="100" ind1="1" ind2=" ">
    <subfield code="a">Inch&#xE1;ustegui, Mar&#xED;a Isabel</subfield>
    <subfield code="9">29568</subfield>
  </datafield>
  <datafield tag="245" ind1="0" ind2="0">
    <subfield code="a">Espa&#xF1;ol :</subfield>
    <subfield code="b">educaci&#xF3;n b&#xE1;sica /</subfield>
    <subfield code="c">Mar&#xED;a Isabel Inch&#xE1;ustegui, Manuel Garc&#xED;a Cartagena; direcci&#xF3;n editorial Obdulia Garc&#xED;a de Escobar ; ilustraciones Ruddy N&#xFA;&#xF1;ez.</subfield>
  </datafield>
  <datafield tag="260" ind1=" " ind2=" ">
    <subfield code="a">Santo Domingo :</subfield>
    <subfield code="b">Santillana,</subfield>
    <subfield code="c">2004.</subfield>
  </datafield>
  <datafield tag="300" ind1=" " ind2=" ">
    <subfield code="a">8 v. :</subfield>
    <subfield code="b">il., retrs. ;</subfield>
    <subfield code="c">28 cm.</subfield>
  </datafield>
  <datafield tag="490" ind1="1" ind2=" ">
    <subfield code="a">Ambar</subfield>
  </datafield>
  <datafield tag="500" ind1=" " ind2=" ">
    <subfield code="a">Educaci&#xF3;n b&#xE1;sica</subfield>
  </datafield>
  <datafield tag="500" ind1=" " ind2=" ">
    <subfield code="a">Cada volumen trae una gu&#xED;a did&#xE1;ctica, cuaderno de espa&#xF1;ol y ortograf&#xED;a.</subfield>
  </datafield>
  <datafield tag="500" ind1=" " ind2=" ">
    <subfield code="a">La biblioteca solamente posee, las gu&#xED;as de los volumenes 1, 3, 7, y los cuadernos de trabajo de los volumenes 1, 2, 3, 4, 6, 7 y 8.</subfield>
  </datafield>
  <datafield tag="505" ind1="0" ind2=" ">
    <subfield code="a">v. 1 :</subfield>
    <subfield code="t">Bienvenido al colegio --</subfield>
    <subfield code="g">unidad 1 --</subfield>
    <subfield code="t">Maicito --</subfield>
    <subfield code="g">unidad 2 --</subfield>
    <subfield code="t">Los tres osos --</subfield>
    <subfield code="g">unidad 3 --</subfield>
    <subfield code="t">Le&#xF3;n y el rat&#xF3;n --</subfield>
    <subfield code="g">unidad 4 --</subfield>
    <subfield code="t">El gato con botas --</subfield>
    <subfield code="g">unidad 5 --</subfield>
    <subfield code="t">El gigante ego&#xED;sta --</subfield>
    <subfield code="g">unidad 6 --</subfield>
    <subfield code="t">La pintora Li-Chen --</subfield>
    <subfield code="g">unidad 7 --</subfield>
    <subfield code="t">El agua de la vida --</subfield>
    <subfield code="g">unidad 8 --</subfield>
    <subfield code="t">El castillo misterioso --</subfield>
    <subfield code="g">unidad 9 --</subfield>
    <subfield code="t">La torre del rey --</subfield>
    <subfield code="g">unidad 10 --</subfield>
    <subfield code="t">El drag&#xF3;n volador --</subfield>
    <subfield code="g">unidad 11 --</subfield>
    <subfield code="t">El campesino y los chivos --</subfield>
  </datafield>
  <datafield tag="505" ind1="0" ind2=" ">
    <subfield code="a">v. 2 :</subfield>
    <subfield code="g">unidad 1 --</subfield>
    <subfield code="t">Ni&#xF1;as y ni&#xF1;os --</subfield>
    <subfield code="g">unidad 2 --</subfield>
    <subfield code="t">Un d&#xED;a de excursi&#xF3;n --</subfield>
    <subfield code="g">unidad 3 --</subfield>
    <subfield code="t">El sue&#xF1;o de Alfredo --</subfield>
    <subfield code="g">unidad 4 --</subfield>
    <subfield code="t">Nos mudamos --</subfield>
    <subfield code="g">unidad 5 --</subfield>
    <subfield code="t">Un l&#xED;o en la calle --</subfield>
    <subfield code="g">unidad 6 --</subfield>
    <subfield code="t">Lleg&#xF3; la navidad --</subfield>
    <subfield code="g">unidad 7 --</subfield>
    <subfield code="t">El paletero del barrio --</subfield>
    <subfield code="g">unidad 8 --</subfield>
    <subfield code="t">Vamos a Saman&#xE1; --</subfield>
    <subfield code="g">unidad 9 --</subfield>
    <subfield code="t">&#xA1;A divertirse! --</subfield>
    <subfield code="g">unidad 10 --</subfield>
    <subfield code="t">Muchos oficios --</subfield>
    <subfield code="g">unidad 11 --</subfield>
    <subfield code="t">&#xBF;Qu&#xE9; vas a comprar? --</subfield>
    <subfield code="g">unidad 12 --</subfield>
    <subfield code="t">La avenida del Puerto --</subfield>
    <subfield code="g">unidad 13 --</subfield>
    <subfield code="t">En el fondo del mar --</subfield>
    <subfield code="g">unidad 14 --</subfield>
    <subfield code="t">El campo y la ciudad --</subfield>
  </datafield>
  <datafield tag="505" ind1="0" ind2=" ">
    <subfield code="a">v. 3 :</subfield>
    <subfield code="g">unidad 1 --</subfield>
    <subfield code="t">Conocemos a Rita --</subfield>
    <subfield code="g">unidad 2 --</subfield>
    <subfield code="t">Jueguemos en el garaje --</subfield>
    <subfield code="g">unidad 3 --</subfield>
    <subfield code="t">La carrera de relevos --</subfield>
    <subfield code="g">unidad 4 --</subfield>
    <subfield code="t">Criadores de mariposas --</subfield>
    <subfield code="g">unidad 5 --</subfield>
    <subfield code="t">Llega la navidad --</subfield>
    <subfield code="g">unidad 6 --</subfield>
    <subfield code="t">Noticias de la t&#xED;a Juanita --</subfield>
    <subfield code="g">unidad 7 --</subfield>
    <subfield code="t">Un experimento cient&#xED;fico --</subfield>
    <subfield code="g">unidad 8 --</subfield>
    <subfield code="t">El viejo telescopio --</subfield>
    <subfield code="g">unidad 9 --</subfield>
    <subfield code="t">Hojas para un cuaderno --</subfield>
    <subfield code="g">unidad 10 --</subfield>
    <subfield code="t">Una planta curiosa --</subfield>
    <subfield code="g">unidad 11 --</subfield>
    <subfield code="t">Vamos de excursi&#xF3;n --</subfield>
    <subfield code="g">unidad 12 --</subfield>
    <subfield code="t">Una tarde de junio --</subfield>
    <subfield code="t">Usamos el diccionario --</subfield>
  </datafield>
  <datafield tag="505" ind1="0" ind2=" ">
    <subfield code="a">v. 4 :</subfield>
    <subfield code="g">unidad 1 --</subfield>
    <subfield code="t">&#xBF;Qu&#xE9; ocurri&#xF3; al final? --</subfield>
    <subfield code="g">unidad 2 --</subfield>
    <subfield code="t">Respetar a los seres vivos --</subfield>
    <subfield code="g">unidad 3 --</subfield>
    <subfield code="t">Alimentos ecol&#xF3;gicos --</subfield>
    <subfield code="g">unidad 4 --</subfield>
    <subfield code="t">Dominicano aqu&#xED; y all&#xE1; --</subfield>
    <subfield code="g">unidad 5 --</subfield>
    <subfield code="t">M&#xE1;s vale prevenir --</subfield>
    <subfield code="g">unidad 6 --</subfield>
    <subfield code="t">El deporte es salud --</subfield>
    <subfield code="g">unidad 7 --</subfield>
    <subfield code="t">En el aeropuerto --</subfield>
    <subfield code="g">unidad 8 --</subfield>
    <subfield code="t">De pueblos y leyendas --</subfield>
    <subfield code="g">unidad 9 --</subfield>
    <subfield code="t">Un d&#xED;a de excursi&#xF3;n --</subfield>
    <subfield code="g">unidad 10 --</subfield>
    <subfield code="t">d&#xED;as de fiesta --</subfield>
    <subfield code="g">unidad 11 --</subfield>
    <subfield code="t">Cu&#xE1;ntos inventos --</subfield>
    <subfield code="t">Proyectos --</subfield>
  </datafield>
  <datafield tag="505" ind1="0" ind2=" ">
    <subfield code="a">v. 5 :</subfield>
    <subfield code="g">unidad 1 --</subfield>
    <subfield code="t">A contar cuentos populares --</subfield>
    <subfield code="g">unidad 2 --</subfield>
    <subfield code="t">Resoluci&#xF3;n de conflictos --</subfield>
    <subfield code="g">unidad 3 --</subfield>
    <subfield code="t">A crear retah&#xED;las --</subfield>
    <subfield code="g">unidad 4 --</subfield>
    <subfield code="t">Conservar las plantas --</subfield>
    <subfield code="g">unidad 5 --</subfield>
    <subfield code="t">Alegre navidad --</subfield>
    <subfield code="g">unidad 6 --</subfield>
    <subfield code="t">Propiedades de la materia --</subfield>
    <subfield code="g">unidad 7 --</subfield>
    <subfield code="t">Respetemos otras culturas --</subfield>
    <subfield code="g">unidad 8 --</subfield>
    <subfield code="t">Lagos y monta&#xF1;as --</subfield>
    <subfield code="g">unidad 9 --</subfield>
    <subfield code="t">El comercio --</subfield>
    <subfield code="g">unidad 10 --</subfield>
    <subfield code="t">La industria --</subfield>
    <subfield code="g">unidad 11 --</subfield>
    <subfield code="t">El trabajo del cient&#xED;fico --</subfield>
    <subfield code="t">Ap&#xE9;ndices --</subfield>
  </datafield>
  <datafield tag="505" ind1="0" ind2=" ">
    <subfield code="a">v. 6 :</subfield>
    <subfield code="g">unidad 1 --</subfield>
    <subfield code="t">Un cuento de miedo --</subfield>
    <subfield code="g">unidad 2 --</subfield>
    <subfield code="t">Las f&#xE1;bulas --</subfield>
    <subfield code="g">unidad 3 --</subfield>
    <subfield code="t">Una historia personal --</subfield>
    <subfield code="g">unidad 4 --</subfield>
    <subfield code="t">Un cuento popular --</subfield>
    <subfield code="g">unidad 5 --</subfield>
    <subfield code="t">Un cuento de navidad --</subfield>
    <subfield code="g">unidad 6 --</subfield>
    <subfield code="t">Un cuento fant&#xE1;stico --</subfield>
    <subfield code="g">unidad 7 --</subfield>
    <subfield code="t">Leyendas americanas --</subfield>
    <subfield code="g">unidad 8 --</subfield>
    <subfield code="t">Valoremos la familia --</subfield>
    <subfield code="g">unidad 9 --</subfield>
    <subfield code="t">El trabajo de exploraci&#xF3;n --</subfield>
    <subfield code="g">unidad 10 --</subfield>
    <subfield code="t">Por un mundo mejor --</subfield>
    <subfield code="g">unidad 11 --</subfield>
    <subfield code="t">Una historia antigua --</subfield>
    <subfield code="t">Ap&#xE9;ndices --</subfield>
  </datafield>
  <datafield tag="505" ind1="0" ind2=" ">
    <subfield code="a">v. 7 :</subfield>
    <subfield code="g">unidad 1 --</subfield>
    <subfield code="t">&#xBF;Expresas lo que sientes? --</subfield>
    <subfield code="g">unidad 2 --</subfield>
    <subfield code="t">&#xBF;Conoces tu pa&#xED;s? --</subfield>
    <subfield code="g">unidad 3 --</subfield>
    <subfield code="t">&#xBF;Qu&#xE9; puedes crear? --</subfield>
    <subfield code="g">unidad 4 --</subfield>
    <subfield code="t">&#xBF;Te preocupa tu planeta? --</subfield>
    <subfield code="g">unidad 5 --</subfield>
    <subfield code="t">&#xBF;Te gusta trabajar? --</subfield>
    <subfield code="g">unidad 6 --</subfield>
    <subfield code="t">&#xBF;Sabes vivir en sociedad? --</subfield>
    <subfield code="g">unidad 7 --</subfield>
    <subfield code="t">&#xBF;C&#xF3;mo est&#xE1; el mundo? --</subfield>
    <subfield code="g">unidad 8 --</subfield>
    <subfield code="t">&#xBF;C&#xF3;mo est&#xE1; tu salud? --</subfield>
    <subfield code="g">unidad 9 --</subfield>
    <subfield code="t">&#xBF;Conoces tus tradiciones? --</subfield>
    <subfield code="g">unidad 10 --</subfield>
    <subfield code="t">&#xBF;Ciencia o ficci&#xF3;n? --</subfield>
    <subfield code="g">unidad 11 --</subfield>
    <subfield code="t">&#xBF;Resuelves tus problemas? --</subfield>
  </datafield>
  <datafield tag="505" ind1="0" ind2=" ">
    <subfield code="a">v. 8 :</subfield>
    <subfield code="g">unidad 1 --</subfield>
    <subfield code="t">&#xBF;Vives lo que imaginas? --</subfield>
    <subfield code="g">unidad 2 --</subfield>
    <subfield code="t">&#xBF;Qu&#xE9; puedes crear? --</subfield>
    <subfield code="g">unidad 3 --</subfield>
    <subfield code="t">&#xBF;Cuentas con la ciencia? --</subfield>
    <subfield code="g">unidad 4 --</subfield>
    <subfield code="t">&#xBF;Eres saludable? --</subfield>
    <subfield code="g">unidad 5 --</subfield>
    <subfield code="t">&#xBF;Eres un &#xE1;ngel? --</subfield>
    <subfield code="g">unidad 6 --</subfield>
    <subfield code="t">&#xBF;De d&#xF3;nde es tu coraz&#xF3;n? --</subfield>
    <subfield code="g">unidad 7 --</subfield>
    <subfield code="t">&#xBF;Eres feliz? --</subfield>
    <subfield code="g">unidad 8 --</subfield>
    <subfield code="t">&#xBF;C&#xF3;mo te diviertes? --</subfield>
    <subfield code="g">unidad 9 --</subfield>
    <subfield code="t">&#xBF;Conoces tu planeta? --</subfield>
    <subfield code="g">unidad 10 --</subfield>
    <subfield code="t">&#xBF;Cuidas tu entorno? --</subfield>
    <subfield code="g">unidad 11 --</subfield>
    <subfield code="t">&#xBF;Sabes qui&#xE9;n eres? --</subfield>
  </datafield>
  <datafield tag="700" ind1="1" ind2=" ">
    <subfield code="a">Garc&#xED;a Cartagena, Manuel</subfield>
    <subfield code="9">12067</subfield>
  </datafield>
  <datafield tag="700" ind1="1" ind2=" ">
    <subfield code="a">Garc&#xED;a Escobar, Obdulia de</subfield>
    <subfield code="e">dir. ed.</subfield>
    <subfield code="9">29220</subfield>
  </datafield>
  <datafield tag="700" ind1="1" ind2=" ">
    <subfield code="a">N&#xFA;&#xF1;ez, Ruddy,</subfield>
    <subfield code="e">il.</subfield>
    <subfield code="9">23171</subfield>
  </datafield>
  <datafield tag="830" ind1=" " ind2="0">
    <subfield code="a">Ambar</subfield>
    <subfield code="9">6599</subfield>
  </datafield>
  <datafield tag="952" ind1=" " ind2=" ">
    <subfield code="0">0</subfield>
    <subfield code="1">0</subfield>
    <subfield code="5">4</subfield>
    <subfield code="7">0</subfield>
    <subfield code="8">DS</subfield>
    <subfield code="a">GR</subfield>
    <subfield code="b">GR</subfield>
    <subfield code="c">HD</subfield>
    <subfield code="d">2010-02-25</subfield>
    <subfield code="i">LF1</subfield>
    <subfield code="l">0</subfield>
    <subfield code="o">xxxx E77</subfield>
    <subfield code="p">12900-30</subfield>
    <subfield code="r">2020-06-25</subfield>
    <subfield code="t">e. 3</subfield>
    <subfield code="w">2020-06-25</subfield>
    <subfield code="y">LFDS</subfield>
    <subfield code="Z">Pr&#xE9;stamo en sala</subfield>
  </datafield>
  <datafield tag="952" ind1=" " ind2=" ">
    <subfield code="0">0</subfield>
    <subfield code="1">0</subfield>
    <subfield code="7">1</subfield>
    <subfield code="8">PD</subfield>
    <subfield code="a">PD</subfield>
    <subfield code="b">PD</subfield>
    <subfield code="c">HD</subfield>
    <subfield code="d">2009-11-18</subfield>
    <subfield code="i">LF1</subfield>
    <subfield code="l">0</subfield>
    <subfield code="o">xxxx E77</subfield>
    <subfield code="p">12900-10</subfield>
    <subfield code="r">2020-06-25</subfield>
    <subfield code="w">2020-06-25</subfield>
    <subfield code="y">LFPD</subfield>
    <subfield code="Z">No se presta</subfield>
  </datafield>
  <datafield tag="952" ind1=" " ind2=" ">
    <subfield code="0">0</subfield>
    <subfield code="1">0</subfield>
    <subfield code="7">1</subfield>
    <subfield code="8">PD</subfield>
    <subfield code="a">PD</subfield>
    <subfield code="b">PD</subfield>
    <subfield code="c">HD</subfield>
    <subfield code="d">2010-02-10</subfield>
    <subfield code="i">LF1</subfield>
    <subfield code="l">0</subfield>
    <subfield code="o">xxxx E77</subfield>
    <subfield code="p">12900-20</subfield>
    <subfield code="r">2020-06-25</subfield>
    <subfield code="t">e. 2</subfield>
    <subfield code="w">2020-06-25</subfield>
    <subfield code="y">LFPD</subfield>
    <subfield code="Z">No se presta</subfield>
  </datafield>
  <datafield tag="999" ind1=" " ind2=" ">
    <subfield code="c">12548</subfield>
    <subfield code="d">12548</subfield>
  </datafield>
</record>
